Kdy a kolik platí podnikatelé. Pojistné na sociální zabezpečení a státní politiku zaměstnanosti.

Informácie pre poistné na sociálne zabezpečenie a štátnu politiku zamestnanosti, ktoré platia podnikatelia a ostatné osoby samostatne zárobkovo činné v ČR od 1.1.1993. Uvádza sa, kto je povinný platiť, kde a kedy sa podáva prihláška a komu sa platí poistné, ako aj vymeriavací základ a výška poistnéh...

Descrizione completa

Salvato in:
Dettagli Bibliografici
Autore principale: Ženíšková, M.
Natura: Capitolo di libro
Lingua:ceco
Soggetti:
Tags: Aggiungi Tag
Nessun Tag, puoi essere il primo ad aggiungerne!!

MARC

LEADER 00000naa a2200000 4500
001 r013467
005 20221213090108.7
041 0 |a cze 
044 |a SK 
245 1 0 |a Kdy a kolik platí podnikatelé.  |b Pojistné na sociální zabezpečení a státní politiku zaměstnanosti.  |c M. Ženíšková 
520 |a Informácie pre poistné na sociálne zabezpečenie a štátnu politiku zamestnanosti, ktoré platia podnikatelia a ostatné osoby samostatne zárobkovo činné v ČR od 1.1.1993. Uvádza sa, kto je povinný platiť, kde a kedy sa podáva prihláška a komu sa platí poistné, ako aj vymeriavací základ a výška poistného. 
610 2 0 |a poistenie sociálne 
610 2 0 |a zabezpečenie sociálne 
610 2 0 |a zamestnanosť 
610 2 0 |a podnikatelia 
610 2 0 |a Čechy 
610 2 0 |a 1993 
610 2 0 |a poistenie osôb 
610 2 0 |a predpisy právne 
100 1 |a Ženíšková, M.